LEADER 01050nam a2200241 i 4500 001 000000249707 003 CaOOAMICUS 005 20191022121511.0 008 160616s1770 it u000 u lat u 013 $a228612 026 $ad.92 iae, ,&si 25se (3) 1770 (R) 040 $aSeMil$bita 245 10$a4: E-F-G-H. 300 $a[4], 258, [2] p. 500 $aSegn.: A-2H4 2I6 541 1 $aLascito Card. C.M. Martini 773 0 $aFerraris, Lucio <1687-1763>$tBibliotheca canonica, juridica, moralis, theologica nec non ascetica, polemica, rubricistica, historica, &c. ... ac in decem tomos distribuita ab ad m.r.p. Lucio Ferraris ... Tomus 1. [-11.].$dVenetiis : Typis Vincentii Radici, 1770-1794.$bPost plures Italicas editio postrema auctior et emendator ...$g4$w()17831 850 $aSeMil 852 $aSeMil$W1$xVenegono$y1$m2A VI 18 FA$j200053$B200053$CSeMilBibl$Z2$F211575 $8I 941 1 $a4 961 $aLascito: Martini Card. Carlo Maria 996 $6245$a4: E-F-G-H$9(OLS)http://semarc/title/351914 LEADER 01065nam a2200265 i 4500 001 000000193510 003 CaOOAMICUS 005 20150409000000.0 008 150409s1953 it u000 u ita u 013 $a172153 040 $aSeMil$bita 100 1 $aJournet, Charles,$c.$0(OLS)http://semarc/name/2073 245 10$aComunismo o cristianesimo :$bdue avventure /$cCharles Journet. 260 $aFirenze :$bFiorentina,$c1953. 300 $a83 p. ;$c19 cm. 490 0 $aLa sfera e la Croce ;$v7 500 $aFondo card. Giovanni Colombo. 600 14$aJournet, Charles .$0(OLS)http://semarc/subject/15678 830 3$aLa sfera e la Croce ;$v7.$0(OLS)http://semarc/title/40908 850 $aSeMil 852 $aSeMil$W1$xVenegono$y1$m3GC VI 253$j144084$B144084$CSeMilBibl$Z2$F155529 $8B 941 1 $a3 961 $aLascito: Colombo Card. Giovanni 996 $6245$aComunismo o cristianesimo :$bdue avventure$9(OLS)http://semarc/title/278958 996 $6260$aFirenze :$bFiorentina$9(OLS)http://semarc/publisher/35942